000 00815nam a2200241 a 4500
999 _c3712
_d3712
001 3712
003 BD-JhCC
005 20180306130825.0
008 171116s2012 bg |||| b||| 000 0 ben d
020 _a9847012002208
035 _a(BD-JhCC)3712
040 _aBD-JhCC
_dBD-JhCC
041 _aben
082 _a891.4415
_bSRE 2012
245 _aকথাপ্রকাশ নির্বাচিত শ্রেষ্ঠ কবিতা :
_bসুফিয়া কামাল /
_cমিজান রহমান [সম্পা.]
260 _aঢাকা :
_bকথাপ্র্রকাশ,
_c2012.
300 _a104 p. :
_c21 cm.
504 _aIncludes Bibliographical Reference.
650 _aCollation of Poem
700 _aরহমান, মিজান
942 _2ddc
_cBK